|
|
|
|
| LEADER |
00000cam a22000002c 4500 |
| 001 |
1840060972 |
| 003 |
DE-627 |
| 005 |
20250708100814.0 |
| 007 |
cr uuu---uuuuu |
| 008 |
230324s2000 xx |||||o 00| ||eng c |
| 024 |
7 |
|
|a 10.3886/ICPSR06540.v1
|2 doi
|
| 035 |
|
|
|a (DE-627)1840060972
|
| 035 |
|
|
|a (DE-599)KXP1840060972
|
| 040 |
|
|
|a DE-627
|b ger
|c DE-627
|e rda
|
| 041 |
|
|
|a eng
|
| 084 |
|
|
|a 2,1
|2 ssgn
|
| 100 |
1 |
|
|a Weisburd, David
|e VerfasserIn
|4 aut
|
| 245 |
1 |
0 |
|a White-Collar Criminal Careers, 1976-1978: Federal Judicial Districts
|
| 264 |
|
1 |
|a [Erscheinungsort nicht ermittelbar]
|b [Verlag nicht ermittelbar]
|c 2000
|
| 336 |
|
|
|a Text
|b txt
|2 rdacontent
|
| 337 |
|
|
|a Computermedien
|b c
|2 rdamedia
|
| 338 |
|
|
|a Online-Ressource
|b cr
|2 rdacarrier
|
| 520 |
|
|
|a This study examined the criminal careers of 1,331 offenders convicted of white-collar crimes in the United States District Courts to assess the relative effectiveness of court-imposed prison sanctions in preventing or modifying future criminal behavior. The white-collar crime event that was the central focus of this study, the "criterion" offense, provided the standard point of entry for sample members. Researchers for this study supplemented the data collected by Wheeler et al. in their 1988 study (NATURE AND SANCTIONING OF WHITE COLLAR CRIME, 1976-1978: FEDERAL JUDICIAL DISTRICTS [ICPSR 8989]) with criminal history data subsequent to the criterion offense through to 1990. As in the 1988 study, white-collar crime was considered to include economic offenses committed through the use of some combination of fraud, deception, or collusion. Eight federal offenses were examined: antitrust, securities fraud, mail and wire fraud, false claims and statements, credit fraud, bank embezzlement, income tax fraud, and bribery. Arrests were chosen as the major measure of criminal conduct. The data contain information coded from Federal Bureau of Investigation (FBI) criminal history records ("rap sheets") for a set of offenders convicted of white-collar crimes in federal courts in fiscal years 1976 to 1978. The seven federal judicial districts from which the sample was drawn were central California, northern Georgia, northern Illinois, Maryland, southern New York, northern Texas, and western Washington. To correct for a bias that can be introduced when desistance from criminality is confused with the death of the offender, the researchers examined the National Death Index (NDI) data to identify offenders who had died between the date of sentencing for the criterion offense and when data collection began for this study in 1990. This data collection contains three types of records. The first record type (Part 1, Summary Data) contains summary and descriptive information about the offender's rap sheet as a whole. Variables include dates of first entry and last entry on the rap sheet, number of separate crimes on the rap sheet, whether the criterion crime was listed on the rap sheet, whether the rap sheet listed crimes prior to or subsequent to the criterion crime, and date of death of offender. The second and third record types are provided in one data file (Part 2, Event and Event Interim Data). The second record type contains information about each crime event on the rap sheet. Variables include custody status of offender at arrest, type of arresting agency, state of arrest, date of arrest, number of charges for each arrest, number of charges resulting in no formal charges filed, number of charges dismissed, number of charges for white-collar crimes, type of sanction, length of definite sentence, probation sentence, and suspended probation sentence, amount of fines, amount of court costs, and restitution ordered, first, second, and third offense charged, arrest and court disposition for each charge, and date of disposition. The third record type contains information about the interim period between events or between the final event and the end of the follow-up period. Variables include date of first, second, and third incarceration, date discharged or transferred from each incarceration, custody/supervision status at each incarceration, total number of prisons, jails, or other institutions resided in during the interval, final custody/supervision status and date discharged from incarceration for the interval, dates parole and probation started and expired, if parole or probation terms were changed or completed, amount of fines, court costs, and restitution paid, whether the conviction was overturned during the interval, and date the conviction was overturned. A single offender has as many of record types two and three as were needed to code the entire rap sheet.
|
| 540 |
|
|
|a ICPSR Terms of Use
|
| 650 |
|
4 |
|a arrest records
|
| 650 |
|
4 |
|a career criminals
|
| 650 |
|
4 |
|a Crime Prevention
|
| 650 |
|
4 |
|a criminal histories
|
| 650 |
|
4 |
|a disposition (legal)
|
| 650 |
|
4 |
|a Imprisonment
|
| 650 |
|
4 |
|a Offenders
|
| 650 |
|
4 |
|a Prisons
|
| 650 |
|
4 |
|a Sanctions
|
| 650 |
|
4 |
|a Sentencing
|
| 650 |
|
4 |
|a White collar crime
|
| 655 |
|
7 |
|a Forschungsdaten
|0 (DE-588)1098579690
|0 (DE-627)857755366
|0 (DE-576)469182156
|2 gnd-content
|
| 700 |
1 |
|
|a Chayet, Ellen
|e MitwirkendeR
|4 ctb
|
| 700 |
1 |
|
|a Waring, Elin
|e MitwirkendeR
|4 ctb
|
| 787 |
0 |
8 |
|i Forschungsdaten zu
|a Weisburd, David, 1954 -
|t Beyond General Deterrence in White Collar Crime: Empirical Evidence and Theoretical Perspectives
|d [Erscheinungsort nicht ermittelbar] : United States Department of Justice, National Institute of Justice, 1989
|w (DE-627)1912467615
|
| 787 |
0 |
8 |
|i Forschungsdaten zu
|a Allen, W.D.
|t Criminals and Victims
|d [Erscheinungsort nicht ermittelbar] : Stanford University Press, 2011
|w (DE-627)1912501465
|
| 787 |
0 |
8 |
|i Forschungsdaten zu
|a Piquero, Nicole
|t Developmental trajectories of white-collar crime
|d Springer, 2009
|w (DE-627)1912512238
|
| 787 |
0 |
8 |
|i Forschungsdaten zu
|a Albonetti, Celesta Ann
|t Direct and indirect effects of case complexity, guilty pleas and offender characteristics on sentencing for offenders convicted of a white-collar crime prior to sentencing guidelines
|d 1998
|w (DE-627)1912514702
|
| 787 |
0 |
8 |
|i Forschungsdaten zu
|a Cecil, Dawn
|t Multiple Identities and the Effect of Social Stability on Time Until Rearrest
|d [Erscheinungsort nicht ermittelbar] : University of Maryland, 2002
|w (DE-627)1912628104
|
| 787 |
0 |
8 |
|i Forschungsdaten zu
|a Weisburd, David, 1954 -
|t Specific Deterrence in a Sample of Offenders Convicted of White-Collar Crimes
|d [Erscheinungsort nicht ermittelbar] : United States Department of Justice, National Institute of Justice
|w (DE-627)1912709589
|
| 787 |
0 |
8 |
|i Forschungsdaten zu
|a Weisburd, David, 1954 -
|t Specific deterrence in a sample of offenders convicted of white-collar crimes
|d 1995
|w (DE-627)1912709597
|
| 787 |
0 |
8 |
|i Forschungsdaten zu
|a Weisburd, David, 1954 -
|t Specific detterence in a sample of offenders convicted of white-collar crimes
|d 1995
|w (DE-627)1912709643
|
| 787 |
0 |
8 |
|i Forschungsdaten zu
|a Waring, Elin J., 1959 -
|t White-Collar Crime and Anomie
|d Transaction, 1995
|w (DE-627)1912749157
|
| 787 |
0 |
8 |
|i Forschungsdaten zu
|a Waring, Elin J., 1959 -
|t White-collar crime and anomie
|d 1995
|w (DE-627)1912749165
|
| 787 |
0 |
8 |
|i Forschungsdaten zu
|a Weisburd, David, 1954 -
|t White-collar Crime and Criminal Careers
|d [Erscheinungsort nicht ermittelbar] : Cambridge University Press, 2001
|w (DE-627)1912749173
|
| 787 |
0 |
8 |
|i Forschungsdaten zu
|a Weisburd, David, 1954 -
|t White-Collar Crime and Criminal Careers, Final Report
|d [Erscheinungsort nicht ermittelbar] : United States Department of Justice, National Institute of Justice, 1993
|w (DE-627)1912749181
|
| 787 |
0 |
8 |
|i Forschungsdaten zu
|a Weisburd, David, 1954 -
|t White collar crime and criminal careers: Some preliminary findings
|d 1990
|w (DE-627)191274919X
|
| 787 |
0 |
8 |
|i Forschungsdaten zu
|a Schlegel, K.
|t White-Collar Crime Reconsidered
|d [Erscheinungsort nicht ermittelbar] : Northeastern University Press, 1992
|w (DE-627)191274922X
|
| 856 |
4 |
0 |
|u https://doi.org/10.3886/ICPSR06540.v1
|x Resolving-System
|z kostenfrei
|3 Volltext
|7 0
|
| 935 |
|
|
|a mkri
|
| 951 |
|
|
|a BO
|
| ELC |
|
|
|a 1
|
| LOK |
|
|
|0 000 xxxxxcx a22 zn 4500
|
| LOK |
|
|
|0 001 4296808613
|
| LOK |
|
|
|0 003 DE-627
|
| LOK |
|
|
|0 004 1840060972
|
| LOK |
|
|
|0 005 20230324125307
|
| LOK |
|
|
|0 008 230324||||||||||||||||ger|||||||
|
| LOK |
|
|
|0 035
|a (DE-2619)ICPSR6540
|
| LOK |
|
|
|0 040
|a DE-2619
|c DE-627
|d DE-2619
|
| LOK |
|
|
|0 092
|o n
|
| LOK |
|
|
|0 852
|a DE-2619
|
| LOK |
|
|
|0 852 1
|9 00
|
| LOK |
|
|
|0 935
|a foda
|a nacj
|
| LOK |
|
|
|0 939
|a 24-03-23
|b l01
|
| OAS |
|
|
|a 1
|
| ORI |
|
|
|a SA-MARC-krimdoka001.raw
|